000 00822nam a2200229Ia 4500
003 OSt
005 20220704110407.0
008 210716s2014 xx 000 0 und d
020 _a9788131792476
040 _cAIMIT LIBRARY
041 _aeng
082 _a005.74
_26
_bELMR
100 _aElmasri, Ramez.
_946845
245 _aDatabase systems :
_bmodels languages design and application programming /
_cBy Ramez Elmasri and Shamkant B. Navathe.
250 _a6th ed.
260 _aNew Delhi :
_bPearson Education ,
_c2014 .
300 _axxv, 1214p. ;
_bPB
_c23.5 cm.
650 _aConceptual data modeling using entities and relationships
_946846
650 _aIntroduction to query processing and query optimization techniques
_946847
700 _aNavathe, Shamkant B.
_946848
942 _2ddc
_cBK
_e6th
_k005.74 ELMR
999 _c195440
_d195440